Mundo nuevo, nuevos diáconos

Saved in:
Bibliografiske detaljer
Hovedforfatter: Bourgeois, Henri
Andre forfattere: Schaller, René
Format: Bog
Sprog:spansk
Udgivet: Barcelona, España Herder 1969
Fag:
Tags: Tilføj Tag
Ingen Tags, Vær først til at tagge denne postø!

MARC

LEADER 00000nam a2200000 a 4500
001 UCQ2185
003 CL-VaPUC
005 20210527001317.0
008 980721e19690000SP |||||||||||||||||spa|d
999 |c 273024  |d 273022 
040 |c Pontificia Universidad Católica de Valparaíso 
082 0 4 |a 262.14 BOU 1969  |2 21 
100 0 |a Bourgeois, Henri  |9 416135 
245 1 0 |a Mundo nuevo, nuevos diáconos 
260 0 3 |a Barcelona, España  |b Herder  |c 1969 
300 |a 177 páginas 
583 |a last modification  |c 19980721 00:00:00  |k Rodrigo Vera 
600 0 |a Iglesia católica  |9 255129 
650 7 |a DIACONOS  |2 CL-VaPUC  |9 257352 
700 0 |a Schaller, René  |9 416136 
942 |c BK  |2 ddc 
945 |d 19980721 00:00:00  |a aalvarez 
952 |0 0  |1 0  |2 ddc  |4 0  |6 262_140000000000000_BOU_1969  |7 0  |8 A  |9 308275  |a BIBTEO  |b BIBTEO  |d 2019-11-20  |i 3385205  |o 262.14 BOU 1969  |p 3385205  |r 2025-01-17  |t 1  |w 2019-11-20  |y BK  |k ICR